Zulaika ta Ugalde bertsolariak / (Record no. 130633)

MARC details
000 -LEADER
campo de control de longitud fija 00572nam a2200181 i 4500
001 - NÚMERO DE CONTROL
campo de control 130633
003 - IDENTIFICADOR DE NÚMERO DE CONTROL
campo de control ES-MaACL
005 - FECHA Y HORA DE LA ÚLTIMA TRANSACCIÓN
campo de control 20230906193809.0
007 - CAMPO FIJO DE DESCRIPCIÓN FÍSICA--INFORMACIÓN GENERAL
campo de control de longitud fija t|
008 - DATOS DE LONGITUD FIJA--INFORMACIÓN GENERAL
campo de control de longitud fija 070802s1969 sp ||||1| baq d
100 1# - ENTRADA PRINCIPAL--NOMBRE DE PERSONA
Nombre de persona Zavala, Antonio.
9 (RLIN) 118104
245 10 - MENCIÓN DEL TÍTULO
Título Zulaika ta Ugalde bertsolariak /
Mención de responsabilidad, etc. Motza (seud.), Antonio Zavala.
260 ## - PUBLICACIÓN, DISTRIBUCIÓN, ETC.
Lugar de publicación, distribución, etc. [San Sebastián :
Nombre del editor, distribuidor, etc. s.n.],
Fecha de publicación, distribución, etc. 1969 (
Fabricante Imp. Izarra)
300 ## - DESCRIPCIÓN FÍSICA
Extensión 140 p. ;
Dimensiones 18 cm.
650 14 - PUNTO DE ACCESO ADICIONAL DE MATERIA--TÉRMINO DE MATERIA
Término de materia o nombre geográfico como elemento de entrada Poesía vasca-
Subdivisión general Historia y crítica.
9 (RLIN) 16198
700 1# - ENTRADA AGREGADA--NOMBRE PERSONAL
Nombre de persona Beloci Aramburu, Juan Cruz.
9 (RLIN) 27312
852 ## - LOCALIZACIÓN
Ubicación ES-MaACL
Número de control de estantería C-36220
Sublocalización o colección R.69048
Holdings
Estatus retirado Estado de pérdida Estado de daño No para préstamo Biblioteca de origen Biblioteca actual Ubicación en estantería Fecha de adquisición Fuente de adquisición Total de préstamos Signatura topográfica completa Código de barras Visto por última vez Precio de reemplazo Tipo de ítem Koha
        Biblioteca del Ateneo de Madrid Biblioteca del Ateneo de Madrid Depósito 2 17/01/2008     C-36220 1136012 23/02/2023 23/02/2023 Libro impreso